Súčasnosť a perspektívy spolupráce Slovenska v cestovnom ruchu v rámci krajín V4 diplomová práca

Uložené v:
Podrobná bibliografia
Hlavný autor: Valičková, Mária
Korporativný autor: Obchodná fakulta EU. Katedra služieb a cestovného ruchu - zrušené
Ďalší autori: Pachingerová, Mária
Médium: Kniha
Jazyk:Slovak
Vydavateľské údaje: Bratislava 2014
Tagy: Pridať tag
Žiadne tagy, Buďte prvý, kto otaguje tento záznam!

MARC

LEADER 00000nbm a2200000 4500
001 0186075
005 20170201094735.6
041 0 |a slo 
044 |a SK 
245 1 0 |a Súčasnosť a perspektívy spolupráce Slovenska v cestovnom ruchu v rámci krajín V4  |b diplomová práca  |c Mária Valičková ; školiteľ: Mária Pachingerová 
264 1 |a Bratislava  |c 2014 
300 |a 72 s. 
100 1 |a Valičková, Mária 
700 1 |a Pachingerová, Mária 
710 2 |a Obchodná fakulta EU. Katedra služieb a cestovného ruchu - zrušené